In the line of fire (Record no. 80585)

MARC details
000 -LEADER
fixed length control field 00719cab a22001935a 4500
001 - CONTROL NUMBER
control field L144785
008 - FIXED-LENGTH DATA ELEMENTS--GENERAL INFORMATION
fixed length control field 080811e20080718xxko f 000 0 eng d
035 ## - SYSTEM CONTROL NUMBER
System control number (Sirsi) u144785
041 0# - LANGUAGE CODE
Language code of text/sound track or separate title eng
100 1# - MAIN ENTRY--PERSONAL NAME
Personal name Kennett, Stephen
245 00 - TITLE STATEMENT
Title In the line of fire
260 ## - PUBLICATION, DISTRIBUTION, ETC.
Date of publication, distribution, etc. 2008
490 #0 - SERIES STATEMENT
Series statement Building
Volume/sequential designation 273(8538) 18 July 2008, 72-74(3)
520 ## - SUMMARY, ETC.
Summary, etc. Considers whether sprinklers are a fitting answer to combat arson in schools. Presents some preventative measures necessary to add safety against fire. Explains how sprinklers work, their advantages and indicative costs.
590 ## - LOCAL NOTE (RLIN)
Local note KA
651 #4 - SUBJECT ADDED ENTRY--GEOGRAPHIC NAME
Geographic name United Kingdom
Chronological subdivision
690 ## - LOCAL SUBJECT ADDED ENTRY--TOPICAL TERM (OCLC, RLIN)
Topical term or geographic name as entry element MANAGEMENT-HEALTH AND SAFETY-FIRE SAFETY-FIRE SAFETY ENGINEERING
942 ## - ADDED ENTRY ELEMENTS (KOHA)
Suppress in OPAC 0
Holdings
Withdrawn status Lost status Source of classification or shelving scheme Damaged status Not for loan Home library Current library Shelving location Date acquired Total Checkouts Full call number Barcode Date last seen Copy number Price effective from Koha item type
    Dewey Decimal Classification     London London Journal article 11/08/2008   L144785 144785-1001 06/08/2019 1 06/08/2019 Journal article